Postup obce pri daňovom dlhu daňového subjektu
Ak vznikne daňovému subjektu daňový dlh v podobe daňového nedoplatku na dani , ktorej správu obec vykonáva, má obec niekoľko možností, akými môže túto nepriaznivú situáciu riešiť. Príspevok ukazuje, ako môže obec v takejto situácii postupovať.
Salvato in:
| Autore principale: | |
|---|---|
| Natura: | Capitolo di libro |
| Lingua: | slovacco |
| Soggetti: | |
| Tags: |
Nessun Tag, puoi essere il primo ad aggiungerne!!
|
MARC
| LEADER | 00000naa a2200000 4500 | ||
|---|---|---|---|
| 001 | 0305104 | ||
| 005 | 20241114115141.2 | ||
| 041 | 0 | |a slo | |
| 044 | |a SK | ||
| 245 | 1 | 0 | |a Postup obce pri daňovom dlhu daňového subjektu |c Ladislav Hrtánek |
| 520 | |a Ak vznikne daňovému subjektu daňový dlh v podobe daňového nedoplatku na dani , ktorej správu obec vykonáva, má obec niekoľko možností, akými môže túto nepriaznivú situáciu riešiť. Príspevok ukazuje, ako môže obec v takejto situácii postupovať. | ||
| 610 | 2 | 0 | |a dlhy |
| 610 | 2 | 0 | |a dane |
| 610 | 2 | 0 | |a subjekty daňové |
| 610 | 2 | 0 | |a obce |
| 610 | 2 | 0 | |a dlžníci |
| 610 | 2 | 0 | |a nedoplatky |
| 100 | 1 | |a Hrtánek, Ladislav | |